书目信息 |
| 题名: |
市场营销学实用教程
|
|
| 作者: | 李晨耘 主编 | |
| 分册: | ||
| 出版信息: | 北京 中国农业大学出版社 2010.09 |
|
| 页数: | 340页 | |
| 开本: | 28cm | |
| 丛书名: | ||
| 单 册: | ||
| 中图分类: | F713.50 | |
| 科图分类: | ||
| 主题词: | 商业经济--国内 | |
| 电子资源: | ||
| ISBN: | 7-5655-0081-X | |
| 000 | 00608nam0 2200193 450 | |
| 001 | 1659121063 | |
| 005 | 20160428162755.94 | |
| 010 | @a7-5655-0081-X@dCNY40.00 | |
| 100 | @a20160428d2010 km y0chiy0120 ea | |
| 101 | 0 | @achi |
| 102 | @aCN@b110000 | |
| 200 | 1 | @a市场营销学实用教程@Ashi chang ying xiao xue shi yong jiao cheng@f李晨耘主编@Fli chen yun zhu bian |
| 210 | @a北京@c中国农业大学出版社@d2010.09 | |
| 215 | @a340页@d28cm | |
| 606 | 0 | @a商业经济@x国内 |
| 690 | @aF713.50@v4 | |
| 701 | 0 | @a李晨耘@Ali chen yun@4主编 |
| 801 | 0 | @aCN@b大连网信软件有限公司图书馆·11@c20160428 |
| 905 | @aZUCC@dF713.50@eL138 | |
| 市场营销学实用教程/李晨耘主编.-北京:中国农业大学出版社,2010.09 |
| 340页;28cm |
| ISBN 7-5655-0081-X:CNY40.00 |
| ● |
| 相关链接 |
|
|
|
正题名:市场营销学实用教程
索取号:F713.50/L138
 
预约/预借
| 序号 | 登录号 | 条形码 | 馆藏地/架位号 | 状态 | 备注 |
| 1 | 1222850 | 212228506 | 管理学院资料室/ [索取号:F713.50/L138] | 在馆 |